Chuyện hay thực vật /
Bewaard in:
| Hoofdauteur: | |
|---|---|
| Andere auteurs: | , |
| Formaat: | Sách giấy |
| Taal: | Vietnamese |
| Gepubliceerd in: |
TP.HCM :
Trẻ ,
2000
|
| Tags: |
Voeg label toe
Geen labels, Wees de eerste die dit record labelt!
|
| Thư viện lưu trữ: | Thư viện Trường Đại học Đà Lạt |
|---|
| LEADER | 00658nam a2200265 4500 | ||
|---|---|---|---|
| 001 | DLU020016424 | ||
| 005 | ##11/21/2000 | ||
| 020 | # | # | |a 978- |
| 041 | # | # | |a vie |
| 082 | # | # | |a 580 |b HO-D |
| 100 | # | # | |a Hoàng Kiến Dân |
| 245 | # | # | |a Chuyện hay thực vật / |c Hoàng Kiến Dân, Trường Phong; Võ Mai Lý dịch |
| 260 | # | # | |a TP.HCM : |b Trẻ , |c 2000 |
| 300 | # | # | |a 387 tr.; |c 19 cm. |
| 700 | # | # | |a Trường Phong |
| 700 | # | # | |a Võ Mai Lý |e dịch |
| 992 | # | # | |a 50000 |
| 994 | # | # | |a DLU |
| 900 | # | # | |a False |
| 911 | # | # | |a Thái Thị Thanh Thủy |
| 925 | # | # | |a G |
| 926 | # | # | |a A |
| 927 | # | # | |a SH |
| 980 | # | # | |a Thư viện Trường Đại học Đà Lạt |